<The> value of information - An axiomatic approach.

Rieši sa otázka: Ak je daná reálna funkcia na častiach metrického priestoru, aké sú nutné a postačujúce podmienky pre to, aby išlo o hodnotu informačnej funkcie pre bayesovské rozhodovanie? Nástroje, vyvinuté na riešenie tejto úlohy vedú k prekvapujúcim poznatkom i v iných súvislostiach.

Salvato in:
Dettagli Bibliografici
Autore principale: Gilboa, I.
Altri autori: Lehrer, E.
Natura: Capitolo di libro
Lingua:inglese
Soggetti:
Tags: Aggiungi Tag
Nessun Tag, puoi essere il primo ad aggiungerne!!

MARC

LEADER 00000naa a2200000 4500
001 r007300
005 20221130103512.9
041 0 |a eng 
044 |a NL 
245 1 0 |a <The> value of information - An axiomatic approach.  |c I. Gilboa, E. Lehrer 
520 |a Rieši sa otázka: Ak je daná reálna funkcia na častiach metrického priestoru, aké sú nutné a postačujúce podmienky pre to, aby išlo o hodnotu informačnej funkcie pre bayesovské rozhodovanie? Nástroje, vyvinuté na riešenie tejto úlohy vedú k prekvapujúcim poznatkom i v iných súvislostiach. 
610 2 0 |a informácie 
610 2 0 |a rozhodovanie 
610 2 0 |a metódy ekonomicko-matematické 
100 1 |a Gilboa, I. 
700 1 |a Lehrer, E.